Statistics for Random Trivia Quiz #5

Click here to take the quiz!

General Stats

  • This quiz has been taken 11 times
    (9 since last reset)
  • The average score is 6 of 24

Answer Stats

HintAnswer% Correct
Caribbean country with the leaders Toussaint Louverture and the dictators Duvalier, commonly knows as "Papa Doc" and "Baby Doc"Haiti
67%
Important french general in the American revolution, in the musical "Hamilton" is he played by Daveed DiggsMarquis de Lafayette
67%
An insterstellar cloud of dust hydrogen, helium and other ionized gasesNebula
67%
A Vietnamese soup consisting of noodles, herbs and meatPho
67%
An american poet and civil rights activist, famous for the work "I Know Why the Caged Bird Sings"Maya Angelou
50%
The political party in Israel created by Begin and is now led by NetanyahuLikud
33%
Controverisal Swedish Prime Minister between 1969-1976 and 1982-1986Olof Palme
33%
An opera by Rossini which includes the charachters Count Almaviva, Rosina and BartaloThe Barber of Seville
33%
The Italian city which the football team Juventus originates fromTorino
33%
The first woman in space, a cosmonaut with the middle-name VladimirovnaValentina Tereshkova
33%
Actor who played Hercule Poirot in "Agatha Christie's Poirot"David Suchet
17%
"Once I had a love and it was a gas, soon turned out her..."Heart of Glass
17%
Author known for "Wolf Hall" and "Bring up the bodies" and moreHilary Mantel
17%
A book in the Bible named after its protagonist who kills the assyrian general HolofernesJudith
17%
The dynasty in which the only female Chinese empress reginedTang
17%
The island where the capital of Palau is locatedBabeldaob
0%
The name of a painting by Cezanne which depicts a castle in the nightChâteau Noir
0%
The national animal of Japan (Hint it's a bird)Green Pheasant
0%
The market which is likely the origin of the coronavirusHuanan Seafood Wholesale Market
0%
The national flower of India in one of its native language (in Hindi)Kamal
0%
A language group from southern Africa made up of 4 unique click soundsKhoisan
0%
The law which includes the rights to criminal defendants, a lawyer and an impartial jury in the U.S.Sixth Amendment
0%
French matemathican known for works in number theory and gave name for a sub-set of prime numbersSophie Germain
0%
The president of South Korea between 1948-1960, mentioned in Billy Joel´s "We Didn´t Start the Fire"Syngman Rhee
0%

Score Distribution

Percentile by Number Answered

Percent of People with Each Score

Your Score History

You have not taken this quiz since the last reset